000 00544nam a2200193 a 4500
005 20140311163001.0
008 030929s19uu xx 00 eng d
020 _a0600589781
050 _aTT 507
_b.C374 1996
100 _aCawthorne, Nigel
245 _aThe new look :
_bthe dior revolution /
_cNigel Cawthorne.
260 _aLondon :
_bHamlyn,
_c1996.
300 _a175 p. :
_bill. col. ;
_c29 cm.
500 _aIncludes Index
650 _aFashion design
650 _aFashion design
_xhistory
942 _cBK
_2lcc
_kFOR
999 _c39196
_d39196